000 00238nam a2200097Ia 4500
008 230915s9999 xx 000 0 und d
050 _aHD38.5.B46 2007
100 _aW.C.BENTON
245 0 _aPURCHASING AND SUPPLY MANAGEMENT
942 _cBK
999 _c76670
_d76670